000 00814nam a2200217 a 4500
001 47105
003 BD-RjUL
005 20211209054248.0
008 160807s1949 pk ||||| |||| 00| 0 eng d
035 _a(BD-RjUL)47224
040 _aBD-RjUL
_beng
_cBD-RjUL
_dBD-RjUL
041 _aeng
082 _a331.09549
_bPAF 1949
110 1 _aPakistan.
_bMinistry of Law and Labour. (Labour Division)
_9230217
245 1 0 _aFirst Pakistan labour conference :
_b( held at Karachi on 8th & 9th February 1949) : Summary of proceedings /
_cPakistan. Ministry of Law and Labour. (Labour Division)
260 _aKarachi :
_bMinistry of law and labour,
_c1949
300 _a66 p. ;
_c23 cm
650 _aLabor .
_zPakistan
_xCongresses.
_9230218
650 _aLabor market
_zPakistan
_xCongresses.
_9230219
942 _2ddc
_cBK
999 _c47105
_d47105